[Event "C.to Unione Europea rapido"]
[Site "Atene GRE"]
[Date "1997.11.??"]
[Round "9"]
[White "Turner, Matthew J."]
[Black "Arlandi, Ennio"]
[Result "0-1"]
[WhiteElo "2445"]
[BlackElo "2470"]
[PlyCount "74"]
[EventDate "1997.11.21"]

1. c4 Nf6 2. Nc3 e5 3. g3 d5 4. cxd5 Nxd5 5. Bg2 Nb6 6. Nf3 Nc6 7. O-O Be7 8.
Rb1 O-O 9. b4 a6 10. a3 Be6 11. d3 f6 12. Ne4 Rb8 13. Be3 Nd5 14. Bd2 Nd4 15.
Nxd4 exd4 16. Qc2 f5 17. Nc5 Bf7 18. Rfc1 c6 19. a4 Re8 20. Bf3 Bg5 21. Bxg5
Qxg5 22. Qc4 Nc3 23. Qxd4 Nxb1 24. Rxb1 Rbd8 25. Qf4 Qxf4 26. gxf4 Re7 27. b5
axb5 28. axb5 Bd5 29. e4 fxe4 30. dxe4 Bc4 31. b6 Rd2 32. e5 Bd5 33. Rd1 Rxd1+
34. Bxd1 g5 35. Bg4 gxf4 36. f3 Rxe5 37. Kf2 Re3 0-1

[Event "C.to Unione Europea rapido"]
[Site "Atene GRE"]
[Date "1997.11.??"]
[Round "11"]
[White "Van den Doel, Erik"]
[Black "Arlandi, Ennio"]
[Result "1-0"]
[WhiteElo "2440"]
[BlackElo "2470"]
[PlyCount "105"]
[EventDate "1997.11.21"]

1. e4 c6 2. d4 d5 3. Nd2 dxe4 4. Nxe4 Nd7 5. Ng5 Ngf6 6. Bd3 e6 7. N1f3 Bd6 8.
Qe2 h6 9. Ne4 Nxe4 10. Qxe4 c5 11. Bd2 Qc7 12. O-O Nf6 13. Qh4 a6 14. dxc5 Bxc5
15. Bf4 Qe7 16. a3 Bd7 17. Ne5 Nd5 18. Qxe7+ Bxe7 19. Bg3 Rd8 20. Nxd7 Rxd7 21.
Rfd1 Bf6 22. Rab1 Ke7 23. Be4 Rhd8 24. Rd3 Nb6 25. b3 Rxd3 26. Bxd3 Nd5 27. Re1
Bb2 28. a4 Bc3 29. Re4 Nb4 30. Rc4 Nxd3 31. Rxc3 Nb4 32. Kf1 Rd7 33. Rc4 Nc6
34. Bf4 Rd4 35. Rxd4 Nxd4 36. Be5 Nxc2 37. Bxg7 h5 38. Bc3 Kd6 39. Ke2 Kc5 40.
Kd3 Nb4+ 41. Ke4 Nd5 42. Bd2 Kd6 43. Bf4+ Ke7 44. Be5 f6 45. Bb2 Kf7 46. h3 Kg6
47. Bd4 Ne7 48. g4 hxg4 49. hxg4 Nc6 50. Bc3 Nb8 51. f4 Nd7 52. Bd4 Kf7 53. f5
1-0

[Event "C.to Unione Europea rapido"]
[Site "Atene GRE"]
[Date "1997.11.??"]
[Round "13"]
[White "Geenen, Marc"]
[Black "Arlandi, Ennio"]
[Result "0-1"]
[WhiteElo "2325"]
[BlackElo "2470"]
[PlyCount "70"]
[EventDate "1997.11.21"]

1. e4 c6 2. d4 d5 3. f3 e6 4. Nc3 Bb4 5. Bf4 Ne7 6. Qd3 b6 7. Nge2 a5 8. a3 Ba6
9. Qe3 Bd6 10. Ng3 Bxf1 11. Rxf1 Bxf4 12. Qxf4 Ng6 13. Qe3 O-O 14. O-O-O b5 15.
e5 Nh4 16. Rf2 Nd7 17. f4 g6 18. Nge2 Nb6 19. b3 b4 20. axb4 axb4 21. Nb1 Ra1
22. g4 Qa8 23. Kd2 Qa2 24. Rff1 c5 25. dxc5 d4 26. Nxd4 Nd5 27. Qg3 g5 28. f5
Rd8 29. Ke2 Rxb1 30. Rxb1 Nc3+ 31. Qxc3 bxc3 32. Ra1 Qb2 33. Rfb1 Rxd4 34. Rxb2
Rd2+ 35. Ke3 Ng2+ 0-1

[Event "C.to Unione Europea rapido femminile"]
[Site "Atene GRE"]
[Date "1997.11.??"]
[Round "1"]
[White "Riegler, Alessandra"]
[Black "Paasikangas, Johanna"]
[WhiteElo "2030"]
[BlackElo "2325"]
[Result "0-1"]
[PlyCount "78"]
[EventDate "1997.11.21"]

1. e4 c5 2. Nf3 d6 3. d4 cxd4 4. Nxd4 Nf6 5. Nc3 g6 6. f3 Bg7 7. Be3 O-O 8. Qd2
Nc6 9. O-O-O d5 10. exd5 Nxd5 11. Nxd5 Qxd5 12. Kb1 e5 13. Nxc6 Qxc6 14. Bh6
Bxh6 15. Qxh6 Bf5 16. Bd3 e4 17. fxe4 Bxe4 18. Bxe4 Qxe4 19. h4 Rac8 20. Rc1
Rc5 21. h5 g5 22. Qd6 Rfc8 23. Qd2 h6 24. Rhf1 Qg4 25. Rh1 Re5 26. Qd6 Rce8 27.
b3 Re2 28. Qd5 Qxg2 29. Qxg2 Rxg2 30. Rcg1 Rge2 31. c4 f5 32. Rf1 f4 33. Rhg1
Kf7 34. Rc1 Kf6 35. b4 Rh2 36. c5 Ree2 37. Rce1 Rb2+ 38. Kc1 Rxa2 39. Kb1 Rab2+
0-1

[Event "C.to Unione Europea rapido femminile"]
[Site "Atene GRE"]
[Date "1997.11.??"]
[Round "3"]
[White "Riegler, Alessandra"]
[Black "Makropoulou, Marina"]
[WhiteElo "2030"]
[BlackElo "2290"]
[Result "0-1"]
[PlyCount "78"]
[EventDate "1997.11.21"]

1. e4 e5 2. f4 d5 3. exd5 c6 4. Qe2 cxd5 5. fxe5 Nc6 6. Nf3 Bc5 7. c3 d4 8. Qc4
Bb6 9. Nxd4 Nxd4 10. cxd4 Qxd4 11. Qxd4 Bxd4 12. Bc4 Ne7 13. d3 O-O 14. Nc3 Nc6
15. Bf4 Nxe5 16. O-O-O Bg4 17. Bxe5 Bxe5 18. Rde1 Bd6 19. Rhf1 Bh5 20. g3 Rac8
21. a4 Bg6 22. Ne4 Bb4 23. Re2 Kh8 24. g4 f6 25. Kb1 Rfe8 26. b3 a6 27. Kb2
Rcd8 28. h4 h6 29. h5 Bh7 30. Kc2 Re5 31. Ng3 Rg5 32. Rf4 b5 33. Bxb5 axb5 34.
Rxb4 Bxd3+ 35. Kb2 Bxe2 36. Nxe2 bxa4 37. Nc3 axb3 38. Kxb3 Kh7 39. Re4 Re5 0-1

[Event "C.to Unione Europea rapido femminile"]
[Site "Atene GRE"]
[Date "1997.11.??"]
[Round "4"]
[White "Berend, Elvira S."]
[Black "Riegler, Alessandra"]
[WhiteElo "2355"]
[BlackElo "2030"]
[Result "1-0"]
[PlyCount "75"]
[EventDate "1997.11.21"]

1. e4 c5 2. Nf3 d6 3. d4 cxd4 4. Nxd4 Nf6 5. Nc3 g6 6. Bc4 Bg7 7. O-O O-O 8.
Re1 Ng4 9. h3 Qb6 10. hxg4 Bxd4 11. Be3 Bxe3 12. Rxe3 Nc6 13. Bb3 Ne5 14. Rg3
Be6 15. Nd5 Bxd5 16. Qxd5 Rac8 17. Qd2 Kg7 18. Re1 Rc5 19. Kh2 f6 20. Rh1 Nf7
21. Bxf7 Rxf7 22. c3 Re5 23. Re1 d5 24. Rge3 Qd6 25. f4 Re6 26. Rd3 g5 27. Rxd5
Qxf4+ 28. Qxf4 gxf4 29. Kg1 Rb6 30. Re2 e5 31. Kf2 Kg6 32. Kf3 Kg5 33. Red2 Kg6
34. Rd8 Rg7 35. R8d6 Rxd6 36. Rxd6 h6 37. g3 fxg3 38. Kxg3 1-0

[Event "C.to Unione Europea rapido femminile"]
[Site "Atene GRE"]
[Date "1997.11.??"]
[Round "5"]
[White "Riegler, Alessandra"]
[Black "Carvalho, Alda"]
[WhiteElo "2030"]
[BlackElo "2130"]
[Result "0-1"]
[PlyCount "52"]
[EventDate "1997.11.21"]

1. e4 d5 2. exd5 Nf6 3. d4 Bg4 4. Nf3 Qxd5 5. Be2 Nc6 6. c4 Qf5 7. Be3 O-O-O 8.
Nbd2 e6 9. a3 g5 10. b4 Bxf3 11. Nxf3 g4 12. Nh4 Qh5 13. g3 Kb8 14. h3 Rg8 15.
Qa4 Nxd4 16. Rd1 e5 17. c5 Bh6 18. b5 Bxe3 19. fxe3 Nxe2 20. Rxd8+ Rxd8 21.
Kxe2 gxh3+ 22. Ke1 Qg5 23. Ke2 Qxg3 24. Rf1 Ng4 25. Nf3 Qg2+ 26. Ke1 h2 0-1

[Event "C.to Unione Europea rapido femminile"]
[Site "Atene GRE"]
[Date "1997.11.??"]
[Round "6"]
[White "Riegler, Alessandra"]
[Black "Regan, Natasha K."]
[WhiteElo "2030"]
[BlackElo "2170"]
[Result "0-1"]
[PlyCount "64"]
[EventDate "1997.11.21"]

1. e4 Nf6 2. Nc3 d5 3. e5 Ne4 4. Nxe4 dxe4 5. d4 exd3 6. Qxd3 Bd7 7. f4 e6 8.
Qh3 Nc6 9. Nf3 Bc5 10. c3 Qe7 11. Bd2 O-O-O 12. O-O-O f6 13. Bd3 Bb6 14. Rhe1
Qc5 15. Bc2 Qb5 16. Bb3 Rde8 17. Be3 Na5 18. Bxb6 Nxb3+ 19. axb3 Qxb6 20. Nd4
c5 21. Nc2 Qxb3 22. Rd6 Re7 23. Qd3 Ba4 24. Ne3 Qa2 25. Nc2 Qb3 26. Ne3 fxe5
27. Rd1 Ree8 28. fxe5 Qa2 29. Nc2 Rhf8 30. Rd2 Bxc2 31. Kxc2 Qa4+ 32. Kb1 Qf4
0-1

[Event "C.to Unione Europea rapido femminile"]
[Site "Atene GRE"]
[Date "1997.11.??"]
[Round "7"]
[White "Jap Tjoen San, Linda"]
[Black "Riegler, Alessandra"]
[WhiteElo "2175"]
[BlackElo "2030"]
[Result "1-0"]
[PlyCount "67"]
[EventDate "1997.11.21"]

1. e4 c5 2. Nf3 d6 3. d4 cxd4 4. Nxd4 Nf6 5. Nc3 g6 6. Bg5 Bg7 7. Be2 O-O 8.
O-O Bd7 9. Kh1 Nc6 10. Nb3 Rc8 11. f4 Qb6 12. e5 Ne8 13. Nd5 Qd8 14. Nxe7+ Nxe7
15. exd6 Nxd6 16. Qxd6 Re8 17. c3 Rc6 18. Qd2 f6 19. Bh4 Qc7 20. Rad1 Be6 21.
Bb5 Nf5 22. Bxc6 Qxc6 23. Nd4 Nxd4 24. Qxd4 Bh3 25. Qd5+ Qxd5 26. Rxd5 Bf5 27.
Re1 Be4 28. Rd7 g5 29. fxg5 fxg5 30. Bg3 h5 31. Kg1 h4 32. Bf2 a6 33. Bd4 Bxd4+
34. Rxd4 1-0

[Event "C.to Unione Europea rapido femminile"]
[Site "Atene GRE"]
[Date "1997.11.??"]
[Round "8"]
[White "Riegler, Alessandra"]
[Black "Nicoara-Etchegaray, Malina"]
[WhiteElo "2030"]
[BlackElo "2210"]
[Result "0-1"]
[PlyCount "56"]
[EventDate "1997.11.21"]

1. e4 c5 2. Nf3 Nc6 3. c3 d5 4. exd5 Qxd5 5. d4 cxd4 6. cxd4 e5 7. Nc3 Bb4 8.
Bd2 Bxc3 9. Bxc3 e4 10. Ne5 Nxe5 11. dxe5 Ne7 12. Be2 O-O 13. O-O Qe6 14. Qd6
Ng6 15. b3 Nf4 16. Qd1 Qg6 17. g3 Bh3 18. Re1 Nd3 19. Bxd3 exd3 20. Re3 Qc6 21.
f3 Qxc3 22. Rc1 Qa5 23. Qxd3 Qxa2 24. Re2 Qa3 25. Rd1 Be6 26. Re3 Qc5 27. Kg2
Rac8 28. Rd2 Qc1 0-1

[Event "C.to Unione Europea rapido femminile"]
[Site "Atene GRE"]
[Date "1997.11.??"]
[Round "10"]
[White "Riegler, Alessandra"]
[Black "Schroecker, Maria Luise"]
[WhiteElo "2030"]
[BlackElo "2130"]
[Result "0-1"]
[PlyCount "78"]
[EventDate "1997.11.21"]

1. e4 c5 2. Nf3 Nc6 3. c3 Nf6 4. e5 Nd5 5. d4 cxd4 6. cxd4 d6 7. Bc4 Nb6 8.
Bxf7+ Kxf7 9. Ng5+ Ke8 10. e6 Bxe6 11. Nxe6 Qd7 12. d5 Nb4 13. Nc3 Rc8 14. Bh6
N6xd5 15. Nxg7+ Bxg7 16. Bxg7 Qe6+ 17. Kf1 Rg8 18. Qh5+ Qg6 19. Qxg6+ hxg6 20.
Nxd5 Nxd5 21. Bd4 b6 22. g3 e5 23. Re1 Kd7 24. Be3 Rgf8 25. Kg2 Nxe3+ 26. Rxe3
Rc2 27. Rf3 Rxf3 28. Kxf3 Rxb2 29. h4 Rxa2 30. h5 Ra3+ 31. Ke4 Ra4+ 32. Kf3
gxh5 33. Rxh5 a5 34. g4 Rf4+ 35. Kg3 a4 36. g5 Ke7 37. Rh7+ Ke6 38. Rb7 a3 39.
Rxb6 Ra4 0-1

[Event "C.to Unione Europea rapido femminile"]
[Site "Atene GRE"]
[Date "1997.11.??"]
[Round "12"]
[White "Riegler, Alessandra"]
[Black "Jahn, Constanze"]
[WhiteElo "2030"]
[BlackElo "2180"]
[Result "0-1"]
[PlyCount "30"]
[EventDate "1997.11.21"]

1. e4 c5 2. Nf3 e6 3. c3 d5 4. exd5 Qxd5 5. d4 Nc6 6. Be3 cxd4 7. cxd4 Nf6 8.
Be2 Be7 9. O-O O-O 10. Nc3 Qd6 11. h3 Nb4 12. Rc1 Nbd5 13. Ng5 Nxe3 14. fxe3
Ng4 15. Nge4 Qh2# 0-1

[Event "XLII C.to Torinese Assoluto"]
[Site "Torino ITA"]
[Date "1997.??.??"]
[Round "?"]
[White "Costantino, Giampaolo"]
[Black "De Barberis, Massimo"]
[WhiteElo "2175"]
[BlackElo "2110"]
[Result "1-0"]
[PlyCount "73"]
[EventDate "1997.??.??"]

1. d4 Nf6 2. c4 e6 3. Nc3 c5 4. d5 exd5 5. cxd5 d6 6. e4 g6 7. f3 Bg7 8. Bg5 a6
9. Qd2 h6 10. Be3 b5 11. a4 b4 12. Nd1 O-O 13. Bd3 Nbd7 14. Rc1 Ne5 15. Ne2 h5
16. O-O h4 17. b3 h3 18. g3 Nxd3 19. Qxd3 a5 20. Qd2 Nd7 21. Bh6 Ba6 22. Bxg7
Kxg7 23. Nf2 Rh8 24. Nd3 Qb6 25. Kh1 Rae8 26. Rfe1 Ne5 27. Nxe5 Rxe5 28. Ng1 f6
29. g4 Re7 30. g5 fxg5 31. Qxg5 Qc7 32. Qg3 Qd7 33. e5 Qc8 34. exd6 Rf7 35. Re6
Rh6 36. Qe5+ Kh7 37. Re8 1-0

[Event "XLII C.to Torinese Assoluto"]
[Site "Torino ITA"]
[Date "1997.??.??"]
[Round "?"]
[White "Costantino, Giampaolo"]
[Black "Lampic, Teo"]
[WhiteElo "2175"]
[BlackElo "2250"]
[Result "1-0"]
[PlyCount "99"]
[EventDate "1997.??.??"]

1. d4 c6 2. c4 Na6 3. Nc3 Nc7 4. e4 d6 5. Nf3 g6 6. Be3 Bg7 7. Qd2 h5 8. O-O-O
Bd7 9. h3 b6 10. Bd3 b5 11. Rhe1 Rb8 12. e5 d5 13. cxd5 cxd5 14. Kb1 b4 15. Ne2
Ne6 16. Rc1 Qb6 17. Nf4 Nxf4 18. Bxf4 e6 19. Qe3 Ne7 20. Nd2 Ba4 21. Nb3 Bxb3
22. axb3 Nf5 23. Bxf5 gxf5 24. Rc2 Kd7 25. Rec1 Rbc8 26. Rxc8 Rxc8 27. Rxc8
Kxc8 28. Qg3 Qxd4 29. Qxg7 Qxf4 30. Qf8+ Kc7 31. Qxf7+ Kd8 32. Qf8+ Kc7 33.
Qd6+ Kb7 34. Qxe6 Qxf2 35. Qxd5+ Kc8 36. Qc6+ Kd8 37. Qd6+ Kc8 38. e6 Qf1+ 39.
Ka2 Qb5 40. e7 Qe8 41. Kb1 a5 42. Qf6 Kd7 43. Qxf5+ Kxe7 44. Qe5+ Kd7 45. Qxe8+
Kxe8 46. g4 h4 47. Kc2 Ke7 48. Kd3 Kd6 49. Ke4 Ke6 50. g5 1-0

[Event "XLII C.to Torinese Assoluto"]
[Site "Torino ITA"]
[Date "1997.??.??"]
[Round "?"]
[White "Digiugno, Franco"]
[Black "Faraoni, Enrico"]
[WhiteElo "2005"]
[BlackElo "2190"]
[Result "1-0"]
[PlyCount "79"]
[EventDate "1997.??.??"]

1. d4 e6 2. Nf3 f5 3. Bg5 Nf6 4. e3 Be7 5. Nbd2 O-O 6. c3 b6 7. Bd3 Bb7 8. Qc2
c5 9. Bxf6 Bxf6 10. dxc5 bxc5 11. Bxf5 exf5 12. Qb3+ Kh8 13. Qxb7 Nc6 14. Qb3
Rb8 15. Qc2 Qb6 16. Rb1 Qa6 17. Qxf5 Bxc3 18. Qxc5 Bb4 19. Qd5 Rf6 20. a3 Rd6
21. Qf5 g6 22. Qc2 Rxd2 23. Nxd2 Nd4 24. Qd1 Rc8 25. f3 Qd3 26. axb4 Qxe3+ 27.
Kf1 Rc2 28. Ne4 d5 29. Qxc2 Nxc2 30. Nf2 Qd2 31. h4 Ne3+ 32. Kg1 d4 33. h5 g5
34. h6 d3 35. Ra1 g4 36. Rxa7 Qc1+ 37. Kh2 g3+ 38. Kxg3 Nf5+ 39. Kg4 Qc8 40.
Rha1 1-0

[Event "XLII C.to Torinese Assoluto"]
[Site "Torino ITA"]
[Date "1997.??.??"]
[Round "?"]
[White "Faraoni, Enrico"]
[Black "Molina, Fabrizio"]
[WhiteElo "2190"]
[BlackElo "2290"]
[Result "1-0"]
[PlyCount "63"]
[EventDate "1997.??.??"]

1. f4 g6 2. e4 Bg7 3. d4 d5 4. e5 h5 5. g3 Nh6 6. Be3 Bf5 7. Nc3 c6 8. h3 Qb6
9. b3 Nd7 10. Qd2 Nf8 11. Be2 Ne6 12. O-O-O Qb4 13. Kb2 Qa5 14. Nf3 Qc7 15. Nh4
Rd8 16. Bf3 b6 17. Qe2 Qd7 18. g4 hxg4 19. hxg4 Be4 20. Bxe4 dxe4 21. f5 gxf5
22. gxf5 Nf8 23. Qg2 Rh7 24. Qxe4 Ng8 25. Nf3 Bh6 26. Rhg1 Bxe3 27. Rxg8 Bh6
28. e6 Qd6 29. Ne5 f6 30. Qg2 Rg7 31. Rxg7 fxe5 32. Rg8 1-0

[Event "XLII C.to Torinese Assoluto"]
[Site "Torino ITA"]
[Date "1997.??.??"]
[Round "?"]
[White "Grinza, Andrea"]
[Black "Fassio, Luca"]
[WhiteElo "2275"]
[BlackElo "1792"]
[Result "1-0"]
[PlyCount "73"]
[EventDate "1997.??.??"]

1. d4 g6 2. c4 Bg7 3. Nc3 d6 4. e4 Na6 5. Nf3 Nf6 6. Be2 c5 7. O-O O-O 8. d5
Nc7 9. Bf4 Rb8 10. a4 b6 11. Qd2 Re8 12. e5 Nh5 13. Bh6 Bh8 14. Ng5 Ng7 15. g4
dxe5 16. f4 f6 17. fxe5 fxg5 18. Qxg5 e6 19. Rf6 exd5 20. cxd5 Nxd5 21. Bc4 Ne6
22. Nxd5 Bxf6 23. exf6 Kf7 24. Qe5 Bb7 25. Nc7 Qd4+ 26. Qxd4 cxd4 27. Re1 Rbc8
28. Nxe6 Rxc4 29. Ng5+ Kxf6 30. Rxe8 Bd5 31. Nxh7+ Kf7 32. Rf8+ Ke6 33. Ra8 Kd6
34. Rd8+ Kc5 35. Bf8+ Kc6 36. Rd6+ Kc5 37. Re6# 1-0

[Event "XLII C.to Torinese Assoluto"]
[Site "Torino ITA"]
[Date "1997.??.??"]
[Round "?"]
[White "Grinza, Andrea"]
[Black "Molina, Fabrizio"]
[WhiteElo "2275"]
[BlackElo "2290"]
[Result "1/2-1/2"]
[PlyCount "96"]
[EventDate "1997.??.??"]

1. e4 e6 2. d3 c5 3. Nf3 Nc6 4. g3 g6 5. Bg2 Bg7 6. O-O Nge7 7. Re1 d6 8. c3 e5
9. a3 O-O 10. b4 Rb8 11. Nbd2 b6 12. Nc4 Qc7 13. Bb2 Bb7 14. Rc1 b5 15. Ne3 Qb6
16. Qe2 a5 17. bxc5 dxc5 18. d4 exd4 19. Nd5 Nxd5 20. exd5 dxc3 21. Bxc3 Nd4
22. Nxd4 cxd4 23. Bd2 b4 24. axb4 axb4 25. Bf4 Rbc8 26. Rxc8 Bxc8 27. d6 Bf5
28. Qe7 b3 29. d7 b2 30. Bd5 b1=Q 31. Rxb1 Qxb1+ 32. Kg2 Bh3+ 33. Kxh3 Qf5+ 34.
Kg2 Qxd5+ 35. f3 d3 36. Bd6 Qa2+ 37. Kh3 Qa5 38. Bb4 Qb6 39. Bc5 Qf6 40. Qe8
Qf5+ 41. Kg2 d2 42. Bxf8 Qxf3+ 43. Kxf3 d1=Q+ 44. Ke3 Qd4+ 45. Ke2 Qc4+ 46. Kf3
Qd3+ 47. Kg2 Qc2+ 48. Kf3 Qd3+ 1/2-1/2

[Event "XLII C.to Torinese Assoluto"]
[Site "Torino ITA"]
[Date "1997.??.??"]
[Round "?"]
[White "Lampic, Teo"]
[Black "Grinza, Andrea"]
[WhiteElo "2250"]
[BlackElo "2275"]
[Result "1/2-1/2"]
[PlyCount "135"]
[EventDate "1997.??.??"]

1. e4 c6 2. c3 d5 3. d3 e5 4. Nf3 Bd6 5. Bg5 Ne7 6. Qc2 Be6 7. Nbd2 Nd7 8. d4
f6 9. dxe5 fxe5 10. Bh4 h6 11. Bg3 O-O 12. O-O-O Qa5 13. Nc4 Qxa2 14. Nxd6 Nc5
15. Nd2 Rad8 16. Bxe5 Rxf2 17. Bd4 Rxd2 18. Kxd2 Nb3+ 19. Ke3 Rxd6 20. Be5 Rd8
21. Be2 Qa5 22. Kf2 Rf8+ 23. Ke1 dxe4 24. Qxe4 Bd5 25. Qb4 Qxb4 26. cxb4 Ng6
27. Bd6 Rf6 28. Bg3 Nf4 29. Bxf4 Rxf4 30. Bf3 Bxf3 31. gxf3 Rxb4 32. Kf2 Nd4
33. Rd2 c5 34. Re1 Kf7 35. Re3 b6 36. h3 Ra4 37. Re4 a5 38. Rf4+ Ke7 39. Re2+
Kd6 40. Rd2 Rb4 41. Rf7 g5 42. Rf6+ Ke5 43. Rxh6 Rb3 44. Kg2 a4 45. Rf2 b5 46.
h4 gxh4 47. Rxh4 a3 48. bxa3 Rxa3 49. f4+ Kd5 50. f5 Ra7 51. f6 Rf7 52. Rh5+
Kc4 53. Rg5 b4 54. Rg7 Rf8 55. Re7 Nc6 56. Rc7 Ne5 57. Rc2+ Kd4 58. R2xc5 Rxf6
59. Rb5 Nd3 60. Rb8 Rf2+ 61. Kg3 Rf5 62. Rd8+ Ke3 63. Re7+ Ne5 64. Rb8 Rg5+ 65.
Kh4 Rg4+ 66. Kh3 Re4 67. Rxb4 Rxb4 68. Rxe5+ 1/2-1/2

[Event "XLII C.to Torinese Assoluto"]
[Site "Torino ITA"]
[Date "1997.??.??"]
[Round "?"]
[White "Lampic, Teo"]
[Black "Molina, Fabrizio"]
[WhiteElo "2250"]
[BlackElo "2290"]
[Result "1/2-1/2"]
[PlyCount "115"]
[EventDate "1997.??.??"]

1. e4 c5 2. c3 e6 3. d4 d5 4. exd5 exd5 5. Nf3 a6 6. Be3 c4 7. b3 cxb3 8. axb3
Bd6 9. Bd3 Ne7 10. Qc2 Bg4 11. Nbd2 Bh5 12. Nh4 Qc7 13. g3 Nbc6 14. O-O Rc8 15.
Rfc1 Bg6 16. Nxg6 hxg6 17. Qd1 Qd7 18. Bf1 Qf5 19. Qf3 Qxf3 20. Nxf3 Nf5 21.
Bd2 O-O 22. Ne1 Be7 23. Bg2 Rfd8 24. Nd3 Bf6 25. g4 Nh4 26. Bh1 g5 27. Kf1 Ng6
28. Bf3 Rc7 29. Ne1 Na7 30. Ra5 Nb5 31. Be2 Na7 32. Ng2 Nc6 33. Raa1 Rdc8 34.
Bd3 Nce7 35. h4 gxh4 36. g5 h3 37. Ne1 Bxg5 38. Bxg5 Rxc3 39. Rxc3 Rxc3 40. Rb1
f6 41. Bd2 Nh4 42. Ke2 h2 43. Nc2 Nf3 44. Kxf3 Rxd3+ 45. Be3 Rxb3 46. Rh1 Nc6
47. Ke2 Rb2 48. Kd3 Rb3+ 49. Kd2 Na5 50. Rxh2 Nc4+ 51. Kc1 a5 52. Rh5 Rb5 53.
Bd2 Kf7 54. Bc3 Rb3 55. Bd2 Ke6 56. Rh8 a4 57. Ra8 a3 58. Bb4 1/2-1/2

[Event "XLII C.to Torinese Assoluto"]
[Site "Torino ITA"]
[Date "1997.??.??"]
[Round "?"]
[White "Molina, Fabrizio"]
[Black "Costantino, Giampaolo"]
[WhiteElo "2290"]
[BlackElo "2175"]
[Result "1/2-1/2"]
[PlyCount "70"]
[EventDate "1997.??.??"]

1. c4 Nf6 2. g3 d5 3. cxd5 Nxd5 4. Nf3 g6 5. Nc3 Bg7 6. Bg2 O-O 7. h4 c6 8. d4
Bg4 9. O-O Nd7 10. Nh2 Be6 11. e4 Nxc3 12. bxc3 Nf6 13. Qe2 Qd7 14. Rd1 Bh3 15.
Bh1 Qc7 16. Rb1 e6 17. Bf4 Qd7 18. Rd3 h5 19. Qd2 Rfe8 20. Bh6 Bxh6 21. Qxh6 b6
22. Nf3 Ng4 23. Qd2 f6 24. Ne1 Qc7 25. Nc2 Kg7 26. Qe1 e5 27. Rbd1 Rad8 28. f3
Nh6 29. Qf2 Be6 30. Ne3 Nf7 31. Bg2 c5 32. d5 Bc8 33. c4 Nd6 34. Ra3 Rf8 35.
Kh2 Rde8 1/2-1/2

[Event "XLII C.to Torinese Assoluto"]
[Site "Torino ITA"]
[Date "1997.??.??"]
[Round "?"]
[White "Picarella, Marco"]
[Black "Eandi, Arnaldo"]
[WhiteElo "1588"]
[BlackElo "1594"]
[Result "1/2-1/2"]
[PlyCount "108"]
[EventDate "1997.??.??"]

1. c4 Nf6 2. Nc3 g6 3. g3 c5 4. Bg2 Nc6 5. e3 Bg7 6. Nge2 d6 7. d4 O-O 8. O-O
Rb8 9. dxc5 dxc5 10. Bxc6 bxc6 11. Qa4 Qc7 12. b3 Rd8 13. Bb2 Bh3 14. Rfd1 Bg4
15. Kg2 Ne4 16. f3 Nxc3 17. Nxc3 Be6 18. Qa3 Qb6 19. Na4 Bxb2 20. Qxb2 Qa5 21.
Qc3 Qb4 22. Qxb4 cxb4 23. Rd4 Rxd4 24. exd4 Rd8 25. Rd1 Bf5 26. Nc5 e5 27. d5
cxd5 28. Rxd5 Rxd5 29. cxd5 Bb1 30. Kf2 Bxa2 31. Ke3 f5 32. Kd3 Bb1+ 33. Kc4 e4
34. fxe4 fxe4 35. Kxb4 Kf7 36. Kc4 e3 37. Kc3 Ke7 38. Ne6 Kd6 39. Nf4 g5 40.
Ng2 Kxd5 41. Nxe3+ Kc5 42. b4+ Kb5 43. Nd5 Be4 44. Nc7+ Kb6 45. Ne6 h6 46. Nd8
Bd5 47. Kd4 Bg8 48. Ke5 Kb5 49. Kf6 Kxb4 50. Nc6+ Kc5 51. Nxa7 g4 52. Kg6 Be6
53. Kf6 Bd7 54. Ke7 Bf5 1/2-1/2